ბათუმის შოთა რუსთაველის სახელმწიფო უნივერსიტეტის ბიბლიოთეკა

ლოგისტიკა (ბიბ.ჩანაწერი № 50742)

000 -LEADER
fixed length control field 01190nam a2200265Ia 4500
001 - CONTROL NUMBER
control field 17694
003 - CONTROL NUMBER IDENTIFIER
control field GE_BSU
008 - FIXED-LENGTH DATA ELEMENTS--GENERAL INFORMATION
fixed length control field 181216s||||||||xx |||||||||||||| ||und||
020 ## - INTERNATIONAL STANDARD BOOK NUMBER
International Standard Book Number 9789941459290
040 ## - CATALOGING SOURCE
Transcribing agency GE_BSU
080 ## - UNIVERSAL DECIMAL CLASSIFICATION NUMBER
Universal Decimal Classification number 339.188.4+656+658
100 ## - MAIN ENTRY--PERSONAL NAME
Personal name სვანაძე,მურთაზ.,ლოსაბერიძე,გელა., კბილაშვილი,დავით
245 ## - TITLE STATEMENT
Title ლოგისტიკა
245 ## - TITLE STATEMENT
Remainder of title დამხმ.სახ-ლო
245 ## - TITLE STATEMENT
Statement of responsibility, etc. რედ.ზაზა.ჩხარტიშვილი
260 ## - PUBLICATION, DISTRIBUTION, ETC.
Place of publication, distribution, etc. ქუთაისი
260 ## - PUBLICATION, DISTRIBUTION, ETC.
Name of publisher, distributor, etc. აკაკი წერეთლის სახ. უნ-ტი
260 ## - PUBLICATION, DISTRIBUTION, ETC.
Date of publication, distribution, etc. 2015
300 ## - PHYSICAL DESCRIPTION
Extent 354გვ.20სმ.
300 ## - PHYSICAL DESCRIPTION
Accompanying material ბიბლიოგრ.: გვ. 350. სქემები,ცხრ.
653 ## - INDEX TERM--UNCONTROLLED
Uncontrolled term განაწილების ლოგისტიკა, მარაგების ლოგისტიკა და ა.შ.
653 ## - INDEX TERM--UNCONTROLLED
Uncontrolled term ლოგისტიკა
653 ## - INDEX TERM--UNCONTROLLED
Uncontrolled term შესყიდვების ლოგისტიკა, საწარმო პროცესების ლოგისტიკა,
942 ## - ADDED ENTRY ELEMENTS (KOHA)
Koha item type წიგნი
ეგზემპლარები
Withdrawn status Lost status Damaged status Not for loan Date acquired Barcode Date last seen Price effective from Koha item type
        2018-12-17 41553 2018-12-17 2018-12-17 წიგნი